000 00689nam a2200289Ia 4500
005 20260324122730.0
008 008 260324s9999 xx 000 0 eng d
020 _a9780203106969
037 _aEBOOK
040 _aCRL
040 _beng
040 _cCRL
041 _2eng
041 _aeng
084 _qCRL
100 _aSerghei Golunov
_91167595
245 0 _aEU-Russian Border Security
245 0 _bChallenges, (Mis)Perceptions and Responses
260 _bTaylor and Francis
260 _c2012
365 _a
365 _b265
856 _uhttp://www.taylorfrancis.com/books/9780203106969
942 _cEBOOK
999 _c1760560
_d1760560